Resistor-based temperature sensors in deep-submicron CMOS technology /

This book discusses in detail the fundamental principles and design specifications governing fully-integrated temperature sensors in deep-submicron CMOS technology. It provides an in-depth analysis of diverse sensing and readout circuit architectures, cutting-edge ultra-low-voltage and frequency-loc...

Full description

Bibliographic Details
Main Author: Shi, Dan
Other Authors: Martins, Rui Paulo, Mak, Pui-In, Lei, Ka-Meng
Format: eBook
Language:English
Published: Cham : Springer Nature Switzerland : Imprint: Springer, 2026.
Edition:1st ed. 2026.
Series:Analog circuits and signal processing series,
Subjects:

MARC

Tag First Indicator Second Indicator Subfields
LEADER 00000cam a2200000 i 4500
001 in00005779740
005 20260426011141.2
006 m o d
007 cr |||||||||||
008 260213s2026 sz a o 000 0 eng d
040 |a SFB  |b eng  |e rda  |e pn  |c SFB  |d OCLCO  |d UKKRT  |d YDX  |d EBLCP  |d GW5XE  |d OCLCO  |d OCLCQ 
019 |a 1573157154  |a 1573199325  |a 1574816126 
020 |a 9783032135018 (electronic bk.) 
020 |a 303213501X 
020 |z 3032135001 
020 |z 9783032135001 
024 7 |a 10.1007/978-3-032-13501-8  |2 doi 
035 |a (OCoLC)1577564187  |z (OCoLC)1573157154  |z (OCoLC)1573199325  |z (OCoLC)1574816126 
050 4 |a TK7871.99.M44  |b S45 2026 
072 7 |a TJFC  |2 bicssc 
072 7 |a TEC008010  |2 bisacsh 
072 7 |a TJFC  |2 thema 
082 0 4 |a 621.3815  |2 23 
100 1 |a Shi, Dan. 
245 1 0 |a Resistor-based temperature sensors in deep-submicron CMOS technology /  |c Dan Shi, Rui P. Martins, Pui-In Mak, Ka-Meng Lei. 
250 |a 1st ed. 2026. 
264 1 |a Cham :  |b Springer Nature Switzerland :  |b Imprint: Springer,  |c 2026. 
300 |a 1 online resource (xx, 96 pages) :  |b illustrations (chiefly color). 
336 |a text  |b txt  |2 rdacontent 
337 |a computer  |b c  |2 rdamedia 
338 |a online resource  |b cr  |2 rdacarrier 
341 0 |b PDF/UA-1  |2 onix 
341 0 |b No reading system accessibility options actively disabled  |2 onix 
341 0 |b Table of contents navigation  |2 onix 
341 0 |b Single logical reading order  |2 onix 
341 0 |b Short alternative textual descriptions  |2 onix 
341 0 |b Use of color is not sole means of conveying information  |2 onix 
341 0 |b Use of high contrast between text and background color  |2 onix 
341 0 |b Next / Previous structural navigation  |2 onix 
341 0 |b All non-decorative content supports reading without sight  |2 onix 
490 1 |a Analog Circuits and Signal Processing,  |x 2197-1854 
505 0 |a Introduction -- State-of-the-Art Resistor-Based Temperature Sensors Topology -- ULV and ULP Temperature Sensor for IoT-Driven -- Wire-Metal-Based Temperature Sensor for Technology-Scaling.-Conclusion and Outlook. 
520 |a This book discusses in detail the fundamental principles and design specifications governing fully-integrated temperature sensors in deep-submicron CMOS technology. It provides an in-depth analysis of diverse sensing and readout circuit architectures, cutting-edge ultra-low-voltage and frequency-locked loop (FLL) design methodologies, and detailed implementation strategies. Readers will gain valuable insights from the latest advancements in deep-submicron CMOS technology, mastering a range of precision-driven, area- and energy-efficient techniques. This knowledge empowers readers to identify and develop optimal architectures tailored to specific applications and technology nodes. Moreover, the book serves as an invaluable resource for professionals in circuit and system design, particularly those focused on temperature sensing systems or high-performance integrated circuits, offering practical guidance for researchers and engineers in both academia and industry. Discusses the principles and design specifications of fully-integrated temperature sensors in deep-submicron CMOS; Describes temperature sensor architectures in the CMOS process, in terms of application and technology downscaling; Details implementations of high-performance temperature sensors based on deep-submicron processes. 
532 8 |a Publisher contact for further accessibility information: accessibilitysupport@springernature.com 
650 0 |a Metal oxide semiconductors, Complementary. 
650 0 |a Electronic circuit design. 
650 0 |a Embedded computer systems. 
650 0 |a Electronics. 
650 1 4 |a Electronics Design and Verification. 
650 2 4 |a Embedded Systems. 
650 2 4 |a Electronics and Microelectronics, Instrumentation. 
650 6 |a Circuits électroniques  |x Calcul. 
650 6 |a Systèmes enfouis (Informatique) 
650 6 |a Électronique. 
650 6 |a MOS complémentaires. 
655 0 |a Electronic books. 
700 1 |a Martins, Rui Paulo.  |1 https://id.oclc.org/worldcat/entity/E39PCjvYt3BprdTv7PwykYGcxC 
700 1 |a Mak, Pui-In.  |1 https://id.oclc.org/worldcat/entity/E39PCjDgvPKTj6HMCFkW3VfT9C 
700 1 |a Lei, Ka-Meng. 
776 0 8 |z 3032135001 
776 0 8 |z 9783032135001 
776 0 8 |c Original  |z 3032135001  |z 9783032135001  |w (OCoLC)1548563850 
830 0 |a Analog circuits and signal processing series,  |x 2197-1854 
852 8 |b POD  |z This title is available for the library to purchase for your use. Click the "Purchase It For Me" button to place a request. This item will take 5-10 business days to arrive. 
955 |a Ebook POD title 
961 |m 565731 
999 f f |i 46e2e9df-7666-421b-ba5a-b83279842291  |s 6454417a-ee6f-4c8c-8353-d54ecaaae86d  |t 0 
952 f f |a Texas A&M University  |b College Station  |c Sterling C. Evans Library  |s Evans POD  |d Purchase on Demand  |t 0  |e TK7871.99.M44 S45 2026  |h Library of Congress classification 
998 f f |a TK7871.99.M44 S45 2026  |t 0  |l Purchase on Demand